[Event "Czech Open G1 Rapid 2013"]
[Site "Pardubice CZE"]
[Date "2013.07.18"]
[Round "7.49"]
[White "Blecha,Mir"]
[Black "Miturova,M"]
[Result "0-1"]
[WhiteElo "2222"]
[BlackElo "2121"]

1.e4 e5 2.Nf3 Nc6 3.Bb5 a6 4.Ba4 Nf6 5.O-O Be7 6.Re1 b5 7.Bb3 O-O 8.h3 d6
9.c3 Bb7 10.d4 Re8 11.a4 Bf8 12.axb5 axb5 13.Rxa8 Bxa8 14.d5 Na5 15.Bc2 c6
16.dxc6 Bxc6 17.Bg5 h6 18.Bh4 Nc4 19.b3 Nb6 20.Nbd2 Nbd7 21.Nf1 Qa8 22.Qb1 Nh5
23.N1h2 d5 24.exd5 Bxd5 25.Bf5 Nc5 26.c4 bxc4 27.bxc4 Bxc4 28.Nxe5 Be6 29.Bxe6 Rxe6
30.Nhf3 Nf6 31.Nd4 Ra6 32.Nf5 Nce4 33.Qb3 Qa7 34.Qf3 Ng5 35.Bxg5 hxg5 36.Qg3 Ra2
37.Rf1 Bc5 38.Nd3 Ne4 39.Qf3 Nd2 40.Qc6 Nxf1 41.Nxc5 Ra1 42.Qe8+ Kh7 43.Qc6 Ng3+
44.Kh2 Nxf5 45.Ne4 Qb8+ 46.g3 Qd8 47.Qc5 Ra5 48.Qc2 Kg8 49.Qc3 Rd5 50.Qf3 Nd4
51.Qh5 Ne6 52.Qf3 Rd3 53.Qf5 Qd5 54.Qg4 Rd4 55.f3 Qa2+  0-1

[Event "Czech Open B 2013"]
[Site "Pardubice CZE"]
[Date "2013.07.25"]
[Round "7.2"]
[White "Novosadova,K"]
[Black "Grekh,A"]
[Result "1/2-1/2"]
[WhiteElo "2179"]
[BlackElo "2382"]

1.e4 e5 2.Nf3 Nc6 3.Bb5 a6 4.Ba4 Nf6 5.O-O b5 6.Bb3 Be7 7.Re1 d6 8.c3 O-O
9.h3 Bb7 10.d3 Nb8 11.Nbd2 Nbd7 12.Nf1 Re8 13.Ng3 g6 14.Qe2 Bf8 15.Be3 Bg7
16.a4 Nc5 17.Bxc5 dxc5 18.axb5 axb5 19.Qe3 Qd6 20.Rxa8 Bxa8 21.Ra1 h6 22.Nh4 Nh7
23.Nxg6 Qxg6 24.Qxc5 Qb6 25.Qxb6 cxb6 26.Ra7 Ng5 27.Nh5 Bh8 28.Ng3 Bg7 29.Nh5 Bh8
30.Ng3  1/2-1/2

[Event "9th Tabor Open 2013"]
[Site "Tabor CZE"]
[Date "2013.08.02"]
[Round "7.12"]
[White "Kula,Dominik"]
[Black "Kozak,Mi"]
[Result "1/2-1/2"]
[WhiteElo "1906"]
[BlackElo "2169"]

1.e4 e5 2.Nf3 Nc6 3.Bb5 a6 4.Ba4 Nf6 5.O-O Be7 6.Re1 b5 7.Bb3 d6 8.c3 O-O
9.h3 Bb7 10.d4 Nd7 11.Nbd2 exd4 12.cxd4 Bf6 13.Nf1 Na5 14.Bc2 Re8 15.Ng3 g6
16.b3 c5 17.Bb2 Rc8 18.Rb1 Nc6 19.dxc5 dxc5 20.Bxf6 Nxf6 21.e5 Nd7 22.e6 Rxe6
23.Rxe6 fxe6 24.Ne4 Rc7 25.Qd6 Nf8  1/2-1/2

[Event "22nd Kavala Open 2013"]
[Site "Kavala GRE"]
[Date "2013.08.08"]
[Round "4.1"]
[White "Pavlidis,Ant"]
[Black "Svetushkin,D"]
[Result "1/2-1/2"]
[WhiteElo "2467"]
[BlackElo "2608"]

1.e4 e5 2.Nf3 Nc6 3.Bb5 a6 4.Ba4 Nf6 5.O-O Be7 6.Re1 b5 7.Bb3 d6 8.c3 O-O
9.h3 Bb7 10.d4 Nd7 11.a3 Na5 12.Ba2 c5 13.b4 cxb4 14.axb4 Nc4 15.Nbd2 Ndb6
16.Nxc4 Nxc4 17.Bxc4 bxc4 18.dxe5 dxe5 19.Qxd8 Rfxd8 20.Nxe5 Bf6 21.Ra5 Re8
22.Nxc4 Rac8 23.Rc5 Rxc5 24.bxc5 Rxe4 25.Rxe4 Bxe4 26.Bd2 Bd8 27.f3 Bd5 28.Nb6 Bc6
29.c4 f5 30.Kf2 Kf7 31.Ke2 Ke6 32.Kd3 h5 33.Kc3 Ke5 34.Kd3 g5 35.Nc8 g4 36.hxg4 fxg4
37.Nd6 Bh4 38.f4+ Ke6 39.f5+ Kd7 40.Ne4 Bd8 41.g3 a5 42.Bc3 Bxe4+ 43.Kxe4 a4
44.c6+ Kxc6 45.Bb4 Kd7 46.Kf4 Be7 47.Bc3 a3 48.f6 Bd8 49.Kf5 a2 50.c5 Ba5
51.Bb2 Bd8 52.Bc3 Ba5 53.Bd4 Bd8  1/2-1/2

[Event "22nd Kavala Open 2013"]
[Site "Kavala GRE"]
[Date "2013.08.08"]
[Round "4.20"]
[White "Tsolakidou,Stavroula"]
[Black "Koksal,E"]
[Result "1-0"]
[WhiteElo "1986"]
[BlackElo "2236"]

1.e4 e5 2.Nf3 Nc6 3.Bb5 a6 4.Ba4 Nf6 5.O-O Be7 6.Re1 b5 7.Bb3 d6 8.c3 O-O
9.h3 Bb7 10.d4 Re8 11.Nbd2 Bf8 12.Bc2 h6 13.a4 exd4 14.cxd4 Nb4 15.Bb1 c5
16.d5 Nd7 17.Nf1 f5 18.exf5 Nf6 19.Ne3 Nfxd5 20.Nxd5 Rxe1+ 21.Nxe1 Bxd5 22.Bd2 Bf7
23.Bxb4 cxb4 24.Nd3 b3 25.Nf4 Qf6 26.axb5 Qxb2 27.Be4 Rd8 28.bxa6 Qe5 29.Bd5 b2
30.Rb1 Bxd5 31.Qxd5+ Qxd5 32.Nxd5 Ra8 33.Nb4 d5 34.Nxd5 Ba3 35.Nc7 Ra7 36.Nb5 Rxa6
37.Nxa3 Rxa3 38.Rxb2 Kf7 39.Kh2 Kf6 40.g4 Kg5 41.Rb6 h5 42.Rg6+ Kh4 43.Kg2 Ra7
44.f6 gxf6 45.Rh6 Ra5 46.Rxh5+ Rxh5 47.gxh5 Kxh5 48.Kg3 Kg5 49.h4+ Kh5 50.Kh3 Kg6
51.Kg4 Kh6 52.Kf5 Kg7 53.h5  1-0

[Event "15th Sants Open 2013"]
[Site "Barcelona ESP"]
[Date "2013.08.31"]
[Round "9.7"]
[White "Aroshidze,L"]
[Black "Wehmeier,S"]
[Result "1/2-1/2"]
[WhiteElo "2565"]
[BlackElo "2433"]

1.e4 e5 2.Nf3 Nc6 3.Bb5 a6 4.Ba4 Nf6 5.O-O Be7 6.Re1 b5 7.Bb3 d6 8.c3 O-O
9.h3 Bb7 10.d4 Nd7 11.Nbd2 Bf6 12.Nf1 exd4 13.cxd4 Re8 14.Ng3 Na5 15.Bc2 g6
16.Nh2 c5 17.d5 Nc4 18.Rb1 b4 19.Ng4 Bg7 20.Bb3 Ncb6 21.Bh6 Bh8 22.f4 c4
23.Bc2 Qc7 24.Bg5 f6 25.Bh6 a5 26.Rf1 a4 27.Rc1 Qc5+ 28.Nf2 b3 29.axb3 axb3
30.Bxb3 f5 31.Bc2 Qe3 32.Nxf5 gxf5 33.Qh5 Qg3 34.Ng4 Bd4+ 35.Kh1 fxg4 36.Qg5+ Kh8
37.Rf3 gxf3 38.Qxg3 Nxd5 39.Qxf3 Nb4 40.Bb1 Ra1 41.Qh5 Rg8 42.Qb5 Bxe4 43.Qxc4 Nc2
44.Bg5 Rxg5 45.fxg5 Bxg2+ 46.Kh2 Be5+ 47.Kg1 Bd4+  1/2-1/2

[Event "TCh-POL Ekstraliga 2013"]
[Site "Katowice POL"]
[Date "2013.09.14"]
[Round "8.3"]
[White "Gorecka,J"]
[Black "Zawadzka,J"]
[Result "0-1"]
[WhiteElo "2117"]
[BlackElo "2383"]

1.e4 e5 2.Nf3 Nc6 3.Bb5 a6 4.Ba4 Nf6 5.O-O Be7 6.Re1 b5 7.Bb3 d6 8.c3 O-O
9.h3 Bb7 10.d3 Na5 11.Bc2 c5 12.Nbd2 Re8 13.Nf1 Nc6 14.Ng3 Bf8 15.Nf5 Ne7
16.N3h4 Ng6 17.Bg5 h6 18.Nxg6 hxg5 19.Nxf8 Kxf8 20.a4 g6 21.Ne3 Qd7 22.Qf3 Nh5
23.Qg4 Qe7 24.Nd5 Bxd5 25.exd5 Nf4 26.Qf3 Qb7 27.d4 cxd4 28.cxd4 Rac8 29.Bb3 exd4
30.h4 bxa4 31.Rxe8+ Rxe8 32.Bxa4 Qxb2 33.Rd1 Re5 34.hxg5 Rf5 35.Re1 d3 36.Re8+ Kg7
37.Kh2 Nh5 38.Qxd3 Rxf2 39.Qh3 Qd4 40.Qe3 Qb2 41.Qh3 Qd2 42.Kg1 Rf5 43.Qe3 Qxe3+
44.Rxe3 Rxg5 45.Bd1 Rxd5 46.Bf3 Rd2 47.Ra3 Nf4 48.Rxa6 f5 49.Kh2 Kf6  0-1

[Event "TCh-CRO Ia Liga 2013"]
[Site "Bol CRO"]
[Date "2013.09.15"]
[Round "2.3"]
[White "Brkic,A"]
[Black "Hracek,Z"]
[Result "1/2-1/2"]
[WhiteElo "2578"]
[BlackElo "2635"]

1.e4 e5 2.Nf3 Nc6 3.Bb5 a6 4.Ba4 Nf6 5.O-O Be7 6.Re1 b5 7.Bb3 d6 8.c3 O-O
9.h3 Bb7 10.d4 Re8 11.Nbd2 Bf8 12.d5 Nb8 13.Nf1 Nbd7 14.N3h2 Nc5 15.Bc2 c6
16.b4 Ncd7 17.dxc6 Bxc6 18.Bg5 Qc7 19.Bxf6 Nxf6 20.Ng4 Nxg4 21.hxg4 Be7 22.Bb3 Bg5
23.Qf3 Rf8 24.Rad1 Bd7 25.Rd3 Be6 26.Red1  1/2-1/2

[Event "Tatry Open 2013"]
[Site "Tatranske Zruby SVK"]
[Date "2013.09.30"]
[Round "2.22"]
[White "Prandstetter,E"]
[Black "Janousek,P"]
[Result "1/2-1/2"]
[WhiteElo "2259"]
[BlackElo "2162"]

1.e4 e5 2.Nf3 Nc6 3.Bb5 a6 4.Ba4 Nf6 5.O-O Be7 6.Re1 b5 7.Bb3 d6 8.c3 O-O
9.h3 Bb7 10.d4 Re8 11.Ng5 Rf8 12.Nf3 Re8 13.Nbd2 Bf8 14.Bc2 h6 15.d5 Nb8
16.b3 Nbd7 17.c4 c6 18.a4 cxd5 19.cxd5 Qc7 20.a5 Rac8 21.Ra2 g6 22.Nf1 Bg7
23.Bd2 Nh5 24.g3 Rf8 25.Ne3 Ndf6 26.Ng2 Nh7 27.Nh2 Ng5 28.h4 Nh3+ 29.Kf1 f5
30.exf5 Qc5 31.Ne3 Bxd5 32.Bb4 Qxb4 33.Qxd5+ Kh8 34.Qe4 Qd2 35.Bb1 Qxf2+
36.Rxf2 Nxg3+ 37.Kg2 Nxe4 38.Bxe4 Nxf2 39.Kxf2 gxf5 40.Bxf5 Rxf5+ 41.Nxf5 Rf8
42.Ke3 Rxf5 43.Rd1 Bf8 44.Rc1 Rf4 45.Nf3 Rb4 46.Nd2 Rxh4 47.Rc6 h5 48.Rxa6 Bh6+
49.Kf3 Bxd2 50.Ra8+ Kg7 51.a6 Rh1 52.Rd8 Ra1 53.Rd7+ Kf6 54.Rxd6+ Kf5 55.Rxd2 Rxa6
56.Rh2 Rh6 57.Rh4 Rh8 58.Rb4 Rb8 59.Rh4 Kg5 60.Re4 Kf6 61.Rh4 Kg5 62.Re4 Re8
63.Kg3 Kf6 64.Rb4 Rg8+ 65.Kf3 Rb8 66.Rh4 Rc8 67.Rxh5 Rc3+ 68.Ke4 Rxb3 69.Rf5+ Ke6
70.Rxe5+ Kd6 71.Rh5 Rb1 72.Kd4 b4 73.Kc4 b3 74.Rd5+ Ke6 75.Rb5  1/2-1/2

[Event "4th Continental Class 2013"]
[Site "Arlington USA"]
[Date "2013.10.12"]
[Round "6.5"]
[White "Reis,Renan do Carmo"]
[Black "Markzon,G"]
[Result "1-0"]
[WhiteElo "2266"]
[BlackElo "2197"]

1.e4 e5 2.Nf3 Nc6 3.Bb5 a6 4.Ba4 Nf6 5.O-O Be7 6.Re1 b5 7.Bb3 d6 8.c3 O-O
9.h3 Bb7 10.d4 Re8 11.Ng5 Rf8 12.Nf3 Re8 13.Nbd2 Bf8 14.a4 h6 15.Bc2 exd4
16.cxd4 Nb4 17.Bb1 c5 18.d5 Nd7 19.Ra3 c4 20.Nd4 Nd3 21.Bxd3 b4 22.Nxc4 bxa3
23.Nxa3 Rc8 24.Bd2 g6 25.Bc3 Bg7 26.Qd2 Nc5 27.Bc2 Qh4 28.Nf3 Bxc3 29.bxc3 Qf6
30.Qxh6 Qxc3 31.Re3 Qg7 32.Qf4 Qf8 33.Nc4 Red8 34.Nb6 Rc7 35.h4 a5 36.h5 Ba6
37.Nd2 Rb8 38.Nbc4 Bxc4 39.Nxc4 Nxa4 40.Bd3 Rb4 41.Nxa5 Nc3 42.Qf6 Nd1 43.Rg3 Rc1
44.Nc6 Rb7 45.Bf1 Nc3 46.Rxc3 Rxc3 47.Qxc3 gxh5 48.Qg3+ Qg7 49.Qxd6 Rb1 50.Ne7+ Kh8
51.Nf5 Qg4 52.Qh6+  1-0

[Event "SPICE Cup Open 2013"]
[Site "St Louis USA"]
[Date "2013.10.17"]
[Round "5.17"]
[White "Reis,Renan do Carmo"]
[Black "Tang,Andrew"]
[Result "0-1"]
[WhiteElo "2266"]
[BlackElo "2174"]

1.e4 e5 2.Nf3 Nc6 3.Bb5 a6 4.Ba4 Nf6 5.O-O Be7 6.Re1 b5 7.Bb3 d6 8.c3 O-O
9.h3 Bb7 10.d4 Re8 11.Ng5 Rf8 12.Nf3 Re8 13.Nbd2 Bf8 14.a4 h6 15.Bc2 exd4
16.cxd4 Nb4 17.Bb1 c5 18.d5 Nd7 19.Ra3 c4 20.Nd4 Qf6 21.N2f3 Nc5 22.axb5 axb5
23.Nxb5 Rxa3 24.Nxa3 Ba6 25.Re3 Rb8 26.e5 dxe5 27.Nxe5 Ncd3 28.Ng4 Qd4 29.Rg3 Bd6
30.Be3 Qxb2 31.Nxh6+ Kf8 32.Qh5 gxh6 33.Rf3 Ne5 34.Qxh6+ Ke8 35.Qxd6 Nxf3+
36.gxf3 Rd8 37.Qg3 Nxd5 38.Qg8+ Ke7 39.Bc5+ Kd7 40.Bf5+ Kc7 41.Qxf7+ Kc6
42.Bf8 Qf6 43.Qa7 Qxf5 44.Qxa6+ Nb6 45.Nxc4 Rd1+ 46.Kh2 Qf4+  0-1

[Event "Pankrac Cup 2013"]
[Site "Prague CZE"]
[Date "2013.10.23"]
[Round "7"]
[White "Postupa,P2"]
[Black "Sodoma,J"]
[Result "1/2-1/2"]
[WhiteElo "2260"]
[BlackElo "2344"]

1.e4 e5 2.Nf3 Nc6 3.Bb5 a6 4.Ba4 Nf6 5.O-O Be7 6.Re1 b5 7.Bb3 d6 8.c3 O-O
9.h3 Bb7 10.d4 Re8 11.Nbd2 Bf8 12.d5 Nb8 13.Nf1 Nbd7 14.N3h2 h6 15.Ng4 Nc5
16.Bc2 c6 17.Nxf6+ Qxf6 18.b4 Nd7 19.dxc6 Bxc6 20.Bb3 Qg6 21.f3 Nf6 22.Ne3 Rac8
23.a4 Bd7 24.axb5 axb5 25.Ra7 Ra8 26.Rxa8 Rxa8 27.Kh2 Nh5 28.g4 Nf4 29.Nd5 Nxd5
30.Bxd5 Ra1 31.Qe2 Be7 32.Qb2 Ra6 33.Be3 Bg5 34.Bf2 Qf6 35.Kg2 Bh4 36.Bxh4 Qxh4
37.Ra1 Rxa1 38.Qxa1 Qg5 39.Qa2 Be8 40.c4 bxc4 41.Bxc4 Qe3 42.Qb2 Kf8 43.b5 Qb6
44.h4 Ke7 45.Qb3 Kd8 46.Bf1 Kc7 47.Qa4 Kb8 48.Qa6 Kc7 49.Qa4 Kb8 50.Bc4 Qd4
51.Qa2 Qc5 52.Bxf7 Bxb5 53.Bd5 Kc7 54.Qa8 Qc2+ 55.Kg3 Bf1 56.Qa7+ Kd8 57.Qb6+ Kd7
58.Qa7+ Kd8 59.Qf2 Qc1 60.Qb6+ Kd7 61.Qb7+ Kd8 62.Qb8+ Kd7 63.Qa7+ Kd8 64.Kf2 Bd3
65.Qa8+ Kd7 66.Qa7+ Kd8 67.Qa8+  1/2-1/2

[Event "Piestany Open 2013"]
[Site "Piestany SVK"]
[Date "2013.11.23"]
[Round "7.1"]
[White "Hasangatin,R"]
[Black "Vesselovsky,S"]
[Result "1/2-1/2"]
[WhiteElo "2498"]
[BlackElo "2349"]

1.e4 e5 2.Nf3 Nc6 3.Bb5 a6 4.Ba4 Nf6 5.O-O Be7 6.Re1 b5 7.Bb3 O-O 8.h3 d6
9.c3 Bb7 10.d4 Re8 11.Ng5 Bf8 12.Nf3 Be7  1/2-1/2

[Event "ch-VIE 2013"]
[Site "Ho Chi Minh City VIE"]
[Date "2013.11.24"]
[Round "8.1"]
[White "Nguyen Hoang Nam1"]
[Black "Dao Thien Hai"]
[Result "1/2-1/2"]
[WhiteElo "2279"]
[BlackElo "2512"]

1.e4 e5 2.Nf3 Nc6 3.Bb5 a6 4.Ba4 Nf6 5.O-O b5 6.Bb3 Be7 7.Re1 O-O 8.c3 d6
9.h3 Bb7 10.d4 Re8 11.Ng5 Rf8 12.Nf3 Re8 13.Ng5 Rf8 14.Nf3 Re8 15.Ng5 Rf8  1/2-1/2

[Event "29th Voivoda Cup"]
[Site "Legnica POL"]
[Date "2013.11.25"]
[Round "6"]
[White "Agopov,M"]
[Black "Sabuk,P"]
[Result "1-0"]
[WhiteElo "2435"]
[BlackElo "2300"]

1.e4 e5 2.Nf3 Nc6 3.Bb5 a6 4.Ba4 Nf6 5.O-O Be7 6.Re1 b5 7.Bb3 d6 8.c3 O-O
9.h3 Bb7 10.d4 Re8 11.Nbd2 Bf8 12.d5 Nb8 13.Nf1 Nbd7 14.N3h2 Nc5 15.Bc2 c6
16.b4 Ncd7 17.dxc6 Bxc6 18.Bg5 Be7 19.Bxf6 Nxf6 20.Ng4 Nxg4 21.Qxg4 Bd7 22.Qf3 Rc8
23.Red1 Be6 24.Bb3 Rc6 25.Bd5 Rc7 26.a4 Qd7 27.axb5 axb5 28.Ra5 Rb8 29.Rd3 Ra7
30.Rxa7 Qxa7 31.Ne3 g6 32.Qd1 Bg5 33.Nf1 Be7 34.Qb3 Qd7 35.Nd2 Bg5 36.Nf3 Bf6
37.Qa2 Rb6 38.Qa5 Qc7 39.h4 Bd8 40.Qa2 Qc8 41.g3 Ra6 42.Qd2 Ra1+ 43.Kh2 Bh3
44.Bb3 Bf1 45.Ng1 Bxd3 46.Qxd3 Bb6 47.Kg2 Qd7 48.Nf3 Ra7 49.Ng5 Qc6 50.Bd5 Qe8
51.h5 Bd8 52.Qe3 Rc7 53.Nf3 Kg7 54.h6+ Kf8 55.Qd3 Qd7 56.c4 bxc4 57.Bxc4 Qc6
58.Nxe5 Qb7 59.Qxd6+ Be7 60.Qd4 Bf6 61.Bd5 Qa7 62.Nxg6+ fxg6 63.Qxf6+ Ke8
64.Bc6+  1-0

[Event "29th Voivoda Cup"]
[Site "Legnica POL"]
[Date "2013.11.26"]
[Round "8"]
[White "Simacek,P"]
[Black "Sabuk,P"]
[Result "0-1"]
[WhiteElo "2485"]
[BlackElo "2300"]

1.e4 e5 2.Nf3 Nc6 3.Bb5 a6 4.Ba4 Nf6 5.O-O Be7 6.Re1 b5 7.Bb3 d6 8.c3 O-O
9.h3 Bb7 10.d4 Re8 11.Nbd2 Bf8 12.a3 g6 13.Ba2 Bg7 14.b4 h6 15.Bb2 Qd7 16.Rc1 Rad8
17.d5 Ne7 18.c4 c6 19.dxc6 Nxc6 20.cxb5 axb5 21.Nb3 Ba8 22.Qe2 Qa7 23.Bb1 Qb8
24.Bd3 Na7 25.Nfd2 Nh5 26.Qf1 Nf4 27.Bb1 Qb6 28.g3 Ne6 29.Bd3 Rf8 30.Nf3 f5
31.Nh4 Ng5 32.Nd2 fxe4 33.Nxe4 Bxe4 34.Bxe4 Rxf2 35.Qxf2 Nxh3+ 36.Kg2 Nxf2
37.Bxg6 Rf8 38.Bf5 Rxf5 39.Nxf5 Nd3  0-1

[Event "19th Navalmoral Open"]
[Site "Navalmoral ESP"]
[Date "2013.12.06"]
[Round "2.9"]
[White "Campora,D"]
[Black "Melero Fidalgo,J"]
[Result "1-0"]
[WhiteElo "2474"]
[BlackElo "2250"]

1.e4 e5 2.Nf3 Nc6 3.Bb5 a6 4.Ba4 Nf6 5.O-O Be7 6.Re1 b5 7.Bb3 d6 8.c3 O-O
9.h3 Bb7 10.d4 Re8 11.Nbd2 Bf8 12.Bc2 h6 13.a4 exd4 14.cxd4 Nb4 15.Bb1 c5
16.d5 Nd7 17.Ra3 f5 18.Nh2 Nf6 19.f3 f4 20.Ndf1 g5 21.Bd2 Nd7 22.g3 Qf6 23.Qc1 Bg7
24.Ng4 Qf7 25.gxf4 h5 26.Nge3 gxf4 27.Nf5 bxa4 28.Kh1 Be5 29.Nh6+  1-0

[Event "19th Navalmoral Open"]
[Site "Navalmoral ESP"]
[Date "2013.12.08"]
[Round "7.5"]
[White "Perez Candelario,Man"]
[Black "Enchev,I"]
[Result "1/2-1/2"]
[WhiteElo "2568"]
[BlackElo "2447"]

1.e4 e5 2.Nf3 Nc6 3.Bb5 a6 4.Ba4 Nf6 5.O-O Be7 6.Re1 b5 7.Bb3 d6 8.c3 O-O
9.h3 Bb7 10.d4 Re8 11.Nbd2 Bf8 12.Bc2 h6 13.d5 Ne7 14.b3 c6 15.c4 Ng6 16.Nf1 b4
17.Be3 c5 18.Qd2 Nh5 19.Ng3 Ngf4 20.Nxh5 Nxh5 21.g3 Bc8 22.Kg2 Bd7 23.Nh2 Qf6
24.Bd1 Qg6 25.Bg4 f5 26.exf5 Bxf5 27.Bxf5 Qxf5 28.Qe2 Nf6 29.f3 a5 30.a4 Ra7
31.Rf1 Rf7 32.Ng4 Kh7 33.Bd2 Be7 34.Rae1 Qc2 35.Nxf6+ Bxf6 36.Qe4+ Qxe4 37.Rxe4 Ref8
38.Rf2 g5 39.g4 Kg6 40.Rf1 Bd8 41.Be3 Be7 42.Bg1 Rf4 43.Re2 R8f7 44.Be3 R4f6
45.Bg1 Rf4 46.Be3 R4f6 47.Rff2 Rf8 48.Re1 R6f7  1/2-1/2

[Event "5th Classic Open 2013"]
[Site "London ENG"]
[Date "2013.12.15"]
[Round "9.19"]
[White "Franklin,S"]
[Black "Wells,P"]
[Result "1/2-1/2"]
[WhiteElo "2306"]
[BlackElo "2479"]

1.e4 e5 2.Nf3 Nc6 3.Bb5 a6 4.Ba4 Nf6 5.O-O Be7 6.Re1 b5 7.Bb3 d6 8.c3 O-O
9.h3 Bb7 10.d4 Re8 11.Ng5 Rf8 12.Nf3 Re8 13.Nbd2 Bf8 14.d5 Nb8 15.Nf1 Nbd7
16.N3h2 Nc5 17.Bc2 c6 18.b4 Ncd7 19.dxc6 Bxc6 20.Bg5 Rc8 21.Ng4 Be7 22.Bxf6 Nxf6
23.Nxf6+ Bxf6 24.Bb3 Bg5  1/2-1/2

[Event "22nd Donau Open 2013"]
[Site "Aschach AUT"]
[Date "2013.12.28"]
[Round "4.1"]
[White "Mazur,Ste"]
[Black "Diermair,A"]
[Result "0-1"]
[WhiteElo "2421"]
[BlackElo "2449"]

1.e4 e5 2.Nf3 Nc6 3.Bb5 a6 4.Ba4 Nf6 5.O-O Be7 6.Re1 b5 7.Bb3 d6 8.c3 O-O
9.h3 Bb7 10.d4 Re8 11.Nbd2 Bf8 12.a3 h6 13.Bc2 Nb8 14.Nb3 exd4 15.Qxd4 c5
16.Qd1 c4 17.Nbd4 Nxe4 18.a4 Nd7 19.axb5 axb5 20.Rxa8 Bxa8 21.Nxb5 Qb6 22.Qd4 Qxb5
23.Bxe4 Bxe4 24.Rxe4 Rxe4 25.Qxe4 Nc5 26.Qg4 Nd3 27.Nd4 h5 28.Qh4 Qc5 29.Nf3 Qd5
30.Be3 Nxb2 31.Nd2 Qd3 32.Ne4 d5 33.Ng5 Qb1+ 34.Kh2 Qg6 35.Qd4 Qf5 36.g4 hxg4
37.hxg4 Bd6+ 38.Kg2 Qe5 39.Nf3 Qxd4 40.Nxd4 f6 41.Nf5 Bf8 42.Bd4 Kf7 43.Ne3 Ke6
44.f4 Na4 45.f5+ Kd6 46.Kg3 Kc6 47.Kh4 Bc5 48.Nc2 Bxd4 49.cxd4 Kd6 50.Ne3 Nc3
51.Kh5 Ne2 52.Nc2 Nxd4 53.Nxd4 Ke5 54.Nc6+ Ke4 55.Kg6 d4 56.Kxg7 d3 57.g5 d2
58.gxf6 d1=Q 59.f7 Qg4+ 60.Kf8 Qxf5 61.Ke8 c3  0-1

[Event "PanAm Intercollegiate 2013"]
[Site "Lubbock USA"]
[Date "2013.12.29"]
[Round "5.1"]
[White "Robson,R"]
[Black "Chirila,I"]
[Result "1-0"]
[WhiteElo "2613"]
[BlackElo "2514"]

1.e4 e5 2.Nf3 Nc6 3.Bb5 a6 4.Ba4 Nf6 5.O-O Be7 6.Re1 b5 7.Bb3 d6 8.c3 O-O
9.h3 Bb7 10.d4 Nd7 11.Nbd2 exd4 12.cxd4 Bf6 13.Nf1 Na5 14.Bc2 Re8 15.Bf4 c5
16.e5 dxe5 17.dxe5 Bxf3 18.Qd3 Nxe5 19.Qxh7+ Kf8 20.Ng3 Ng6 21.Nf5 Re2 22.Rxe2 Bxe2
23.Re1 Bd3 24.Nh6 Ne5 25.Qg8+ Ke7 26.Qxf7+ Kd6 27.Bxd3 gxh6 28.Be4 Nc6 29.Rd1+ Nd4
30.Bxa8  1-0